000
00186nam a2200109Ia 4500
100
_a
#N/A
942
_c
BK
245
_a
arch Linux
260
_b
#N/A
546
_a
ENGLISH
999
_c
33075
_d
33075